HUMAN ANATOMY AND PHYSIOLOGY- II [B.PHARMA, 2ND SEMESTER] (Record no. 8649)

MARC details
000 -LEADER
fixed length control field 00511nam a22001817a 4500
005 - DATE AND TIME OF LATEST TRANSACTION
control field 20240920132113.0
008 - FIXED-LENGTH DATA ELEMENTS--GENERAL INFORMATION
fixed length control field 240918b |||||||| |||| 00| 0 eng d
020 ## - INTERNATIONAL STANDARD BOOK NUMBER
ISBN 978-93-87483-16-3
041 ## - LANGUAGE CODE
Language code of text/sound track or separate title eng
082 ## - DEWEY DECIMAL CLASSIFICATION NUMBER
Classification number 612
100 ## - MAIN ENTRY--AUTHOR NAME
Personal name SEEVALEN ,Dr. BABUJI AND PATAN Dr. PRAGNESH
245 ## - TITLE STATEMENT
Title HUMAN ANATOMY AND PHYSIOLOGY- II [B.PHARMA, 2ND SEMESTER]
250 ## - EDITION STATEMENT
Edition statement 1ST ED. 2018
260 ## - PUBLICATION, DISTRIBUTION, ETC. (IMPRINT)
Place of publication LUCKNOW
Name of publisher THAKUR PUBLICATION PVT.LTD
300 ## - PHYSICAL DESCRIPTION
Number of Pages 296;P
650 ## - SUBJECT ADDED ENTRY--TOPICAL TERM
Topical Term PHARMACY
General subdivision B.PHARMA
942 ## - ADDED ENTRY ELEMENTS (KOHA)
Koha item type Books
Holdings
Lost status Damaged status Collection code Home library Current library Shelving location Date acquired Source of acquisition Cost, normal purchase price Serial Enumeration / chronology Full call number Accession Number Koha item type
    PHARMACY JRU Library JRU Library SHELF-72-B 13/09/2024 PURCHASE 250.00 NEW ARRIVALS SHELF 612 28434 Books
    PHARMACY JRU Library JRU Library Shelf - 23- G 13/09/2024 PURCHASE 250.00   612 28435 Books
    PHARMACY JRU Library JRU Library Shelf - 23- H 13/09/2024 PURCHASE 250.00   612 28436 Books